ბათუმის შოთა რუსთაველის სახელმწიფო უნივერსიტეტის ბიბლიოთეკა

აპრილის კვირის ცარგვალი (ბიბ.ჩანაწერი № 48512)

000 -LEADER
fixed length control field 00692nam a2200217Ia 4500
001 - CONTROL NUMBER
control field 15409
003 - CONTROL NUMBER IDENTIFIER
control field GE_BSU
008 - FIXED-LENGTH DATA ELEMENTS--GENERAL INFORMATION
fixed length control field 181216s||||||||xx |||||||||||||| ||und||
020 ## - INTERNATIONAL STANDARD BOOK NUMBER
International Standard Book Number 9992884924
040 ## - CATALOGING SOURCE
Transcribing agency GE_BSU
080 ## - UNIVERSAL DECIMAL CLASSIFICATION NUMBER
Universal Decimal Classification number 821.353.1-1
100 ## - MAIN ENTRY--PERSONAL NAME
Personal name ქუთათელაძე,გენრიეტა
245 ## - TITLE STATEMENT
Title აპრილის კვირის ცარგვალი
245 ## - TITLE STATEMENT
Statement of responsibility, etc. რედ.ჯ.ხოფერია
260 ## - PUBLICATION, DISTRIBUTION, ETC.
Place of publication, distribution, etc. ბათუმი
260 ## - PUBLICATION, DISTRIBUTION, ETC.
Name of publisher, distributor, etc. გამ-ბა აჭარა
260 ## - PUBLICATION, DISTRIBUTION, ETC.
Date of publication, distribution, etc. 2001
300 ## - PHYSICAL DESCRIPTION
Extent 265გვ.1ფ.პორტრ.21სმ.
653 ## - INDEX TERM--UNCONTROLLED
Uncontrolled term აპრილის კვირის ცარგვალი
942 ## - ADDED ENTRY ELEMENTS (KOHA)
Koha item type წიგნი
ეგზემპლარები
Withdrawn status Lost status Damaged status Not for loan Date acquired Barcode Date last seen Price effective from Koha item type
        2018-12-17 37836 2018-12-17 2018-12-17 წიგნი
        2018-12-17 37837 2018-12-17 2018-12-17 წიგნი